000 003840000a22001570004500
020 _a0-19-916218-2
082 0 4 _aGI CC H911t
100 1 _aHunt, Roderick
245 1 0 _aThe water fight / Roderick Hunt, il. : Alex Brychta
260 _aOxford : University Press
300 _a16 p.
440 0 _aOxford Reading Tree
650 1 4 _aLiteratura Infantil
001 632
942 _cLGB
999 _c47836
_d47836